[Event "39th Olympiad Women"]
[Site "Khanty-Mansiysk RUS"]
[Date "2010.09.25"]
[Round "5"]
[White "Toro Pradenas, Maria Jose"]
[Black "Greenidge, Nathali"]
[Result "1-0"]
[WhiteTitle "WFM"]
[WhiteElo "1951"]
[BlackElo "2016"]
[Board "50.1"]
[WhiteTeam "CHI"]
[BlackTeam "BAR"]
[WhiteFideId "3412610"]
[BlackFideId "11100281"]
[EventDate "2010.09.21"]
[EventType "team"]

1. e4 e6 2. d4 d5 3. Nc3 dxe4 4. Nxe4 Nd7 5. Nf3 Ngf6 6. Bd3 b6 7. c3 Bb7 8. Qc2
h6 9. O-O Be7 10. Bf4 O-O 11. Rad1 Nd5 12. Bc1 N7f6 13. Ne5 Qc8 14. a3 Nxe4 15.
Bxe4 Nf6 16. Nc6 Bd6 17. Bf3 Nd5 18. Ne5 c5 19. Ng4 h5 20. Ne3 Nf6 21. d5 exd5
22. Nxd5 Nxd5 23. Bxd5 Bxd5 24. Rxd5 Qe6 25. Rxh5 g6 26. Rh3 Qe5 27. f4 Qe7 28.
f5 g5 29. f6 1-0

[Event "39th Olympiad Women"]
[Site "Khanty-Mansiysk RUS"]
[Date "2010.09.25"]
[Round "5"]
[White "Jalal, Amani"]
[Black "Emhemed, Inas"]
[Result "1-0"]
[BlackTitle "WCM"]
[WhiteElo "1708"]
[BlackElo "1493"]
[Board "51.1"]
[WhiteTeam "YEM"]
[BlackTeam "LBA"]
[WhiteFideId "9401474"]
[BlackFideId "9200789"]
[EventDate "2010.09.21"]
[EventType "team"]

1. e4 e5 2. Nf3 Nc6 3. Bc4 Bc5 4. c3 Nf6 5. d4 exd4 6. cxd4 Bb4+ 7. Nc3 Nxe4 8.
O-O Nxc3 9. bxc3 Bxc3 10. Ba3 d6 11. Rc1 Ba5 12. Qa4 Bd7 13. d5 Bb6 14. dxc6
Bxc6 15. Rfe1+ Kf8 16. Bb5 Bxb5 17. Qxb5 Qf6 18. Bb2 Qf4 19. Qe2 h5 20. Rc4 Qf5
21. Re4 Qd7 22. Re7 Qc6 23. Ng5 1-0

[Event "39th Olympiad Women"]
[Site "Khanty-Mansiysk RUS"]
[Date "2010.09.25"]
[Round "5"]
[White "Abdulgader, Amira"]
[Black "Abdulsalam, Nadhmia"]
[Result "0-1"]
[BlackTitle "WCM"]
[WhiteElo "1509"]
[BlackElo "1586"]
[Board "51.2"]
[WhiteTeam "LBA"]
[BlackTeam "YEM"]
[WhiteFideId "9200746"]
[BlackFideId "9400877"]
[EventDate "2010.09.21"]
[EventType "team"]

1. d4 d5 2. Nf3 Bg4 3. Bf4 e6 4. Nbd2 Bd6 5. Bxd6 Qxd6 6. e3 Nd7 7. c4 c6 8. a3
f5 9. Bd3 Ngf6 10. O-O Ne4 11. cxd5 exd5 12. Be2 Ndf6 13. h3 Bh5 14. Ne5 Bxe2
15. Qxe2 O-O 16. Nb3 Nd7 17. Nxd7 Qxd7 18. Nd2 Rae8 19. Nxe4 fxe4 20. Rae1 Rf6
21. f3 Rg6 22. Kh1 h6 23. fxe4 Rxe4 24. Rf3 Rge6 25. Qf2 Qe7 26. Kg1 Rxd4 27.
Rf1 Rde4 28. Rf8+ Kh7 29. Qf5+ Rg6 30. Rf4 Rxf4 31. exf4 Qe1+ 32. Kh2 Qg3+ 0-1

[Event "39th Olympiad Women"]
[Site "Khanty-Mansiysk RUS"]
[Date "2010.09.25"]
[Round "5"]
[White "Siddiqui, Nida Mishraz"]
[Black "Nakagawa, Emiko"]
[Result "1/2-1/2"]
[BlackTitle "WCM"]
[WhiteElo "1796"]
[BlackElo "1806"]
[Board "52.1"]
[WhiteTeam "PAK"]
[BlackTeam "JPN"]
[WhiteFideId "7800495"]
[BlackFideId "7000480"]
[EventDate "2010.09.21"]
[EventType "team"]

1. e4 c6 2. Nf3 d5 3. Nc3 dxe4 4. Nxe4 Nd7 5. Bc4 Ngf6 6. Neg5 e6 7. Qe2 Nb6 8.
Bb3 Be7 9. O-O O-O 10. d4 h6 11. Ne4 Nbd7 12. Nxf6+ Nxf6 13. c3 Qc7 14. Ne5 b6
15. Bf4 Bd6 16. Bc2 Bb7 17. Rac1 Rfd8 18. Bg3 c5 19. f3 Rac8 20. Rf2 c4 21. b3
b5 1/2-1/2

[Event "39th Olympiad Women"]
[Site "Khanty-Mansiysk RUS"]
[Date "2010.09.27"]
[Round "6"]
[White "Zhukova, Natalia"]
[Black "Kosintseva, Nadezhda"]
[Result "1/2-1/2"]
[WhiteTitle "GM"]
[BlackTitle "IM"]
[WhiteElo "2499"]
[BlackElo "2565"]
[Board "1.2"]
[WhiteTeam "UKR"]
[BlackTeam "RUS1"]
[WhiteFideId "14101513"]
[BlackFideId "4134974"]
[EventDate "2010.09.21"]
[EventType "team"]

1. d4 Nf6 2. c4 e6 3. Nf3 d5 4. Nc3 Bb4 5. cxd5 exd5 6. Bg5 Nbd7 7. e3 c5 8. Bd3
Qa5 9. Qc2 c4 10. Bf5 O-O 11. O-O g6 12. Bxd7 Nxd7 13. e4 Nb6 14. e5 Bf5 15. Qd2
Rfe8 16. Rfe1 Na4 17. Rac1 Nxc3 18. bxc3 Ba3 19. Bf6 Re6 20. Ng5 Rb6 21. g4 Bxg4
22. Qf4 Bxc1 23. Rxc1 Qa3 24. Rf1 h5 25. Bd8 Qf8 26. Bxb6 axb6 27. Rb1 Bf5 28.
Rxb6 Rxa2 29. Rxb7 Qa8 30. Rxf7 Qb8 31. Kg2 Qb1 32. e6 Ra1 33. Rf8+ Kxf8 34.
Qd6+ Kg7 35. Qe7+ Kh6 36. Nf7+ Kg7 37. Ng5+ Kh6 38. Nf7+ Kg7 39. Ne5+ Kh8 40.
Qf8+ Kh7 41. Qe7+ Kh8 42. Nf7+ 1/2-1/2

[Event "39th Olympiad Women"]
[Site "Khanty-Mansiysk RUS"]
[Date "2010.09.27"]
[Round "6"]
[White "Foisor, Sabina-Francesca"]
[Black "Khotenashvili, Bela"]
[Result "1/2-1/2"]
[WhiteTitle "WGM"]
[BlackTitle "IM"]
[WhiteElo "2293"]
[BlackElo "2464"]
[Board "2.4"]
[WhiteTeam "USA"]
[BlackTeam "GEO"]
[WhiteFideId "1212915"]
[BlackFideId "13602640"]
[EventDate "2010.09.21"]
[EventType "team"]

1. d4 Nf6 2. c4 g6 3. Nc3 d5 4. Nf3 Bg7 5. Bg5 Ne4 6. cxd5 Nxg5 7. Nxg5 e6 8.
Qd2 exd5 9. Qe3+ Kf8 10. Qf4 Bf6 11. h4 h6 12. Nf3 Be6 13. O-O-O Kg7 14. e3 Nd7
15. Ne5 c6 16. Qg3 b5 17. Bd3 Bxe5 18. dxe5 Nc5 19. Bb1 Qe7 20. f4 b4 21. Ne2
Ne4 22. Bxe4 dxe4 23. Nd4 Kh7 24. Kb1 b3 25. a3 c5 26. Nxe6 fxe6 27. Qe1 Rhd8
28. Qc3 Rab8 29. g3 Rd5 30. Rxd5 exd5 31. Rd1 Rd8 32. Qxb3 d4 33. Qc4 dxe3 34.
Re1 Rd4 35. Qc1 Qd7 36. Qxe3 Rd1+ 37. Rxd1 Qxd1+ 38. Ka2 Qd5+ 39. b3 a5 40. a4
h5 41. Qc3 Qd4 42. Qxa5 e3 43. Qc7+ Kh6 44. Qe7 Qd2+ 45. Ka3 Qc1+ 46. Ka2 Qc2+
47. Ka3 Qc1+ 1/2-1/2

[Event "39th Olympiad Women"]
[Site "Khanty-Mansiysk RUS"]
[Date "2010.09.27"]
[Round "6"]
[White "Hoang Thanh Trang"]
[Black "Socko, Monika"]
[Result "1-0"]
[WhiteTitle "GM"]
[BlackTitle "GM"]
[WhiteElo "2482"]
[BlackElo "2486"]
[Board "3.1"]
[WhiteTeam "HUN"]
[BlackTeam "POL"]
[WhiteFideId "12400149"]
[BlackFideId "1106619"]
[EventDate "2010.09.21"]
[EventType "team"]

1. d4 e6 2. Nf3 Nf6 3. Bf4 c5 4. e3 Qb6 5. Nc3 d5 6. Nb5 Na6 7. dxc5 Bxc5 8. c3
O-O 9. a4 Qd8 10. Bd3 Bd7 11. Nbd4 Be7 12. Ne5 Nc5 13. Bc2 Be8 14. O-O Bd6 15.
Ng4 Nxg4 16. Qxg4 Bxf4 17. exf4 Rc8 18. Rfe1 f5 19. Qe2 Rf6 20. f3 a5 21. Qd2
Bd7 22. g3 Qb6 23. Kg2 Rc7 24. b3 Rc8 25. Re3 Qd6 26. Rae1 Rb8 27. Re5 Ra8 28.
Nxf5 exf5 29. Rxd5 Qf8 30. b4 axb4 31. cxb4 Bxa4 32. Rxc5 Bc6 33. Qc3 Kh8 34.
Bb3 Rd8 35. b5 Bd7 36. Rd1 Rd6 37. Rxd6 Qxd6 38. Rd5 Qe7 39. Qd3 b6 40. Rd6 h6
41. Be6 Bxe6 42. Rxd8+ Kh7 43. Qd6 Qf6 44. Qd4 Qe7 45. Rd6 Bc8 46. Rxb6 Qe2+ 47.
Qf2 Qd1 48. Rb8 Be6 49. Rb7 Bd5 50. Rc7 Qb3 51. b6 Kg6 52. Re7 Kh5 53. Re5 Kg6
54. Re2 Kh7 55. Qe3 Qb1 56. Rd2 Bc4 57. Qf2 Ba6 58. Rd7 Bb5 59. Rc7 Bd3 60. h4
h5 61. Kh2 Qb4 62. Rd7 Qb1 63. Qd2 Bb5 64. Ra7 Qb3 65. b7 Bc6 66. b8=Q Qxb8 67.
Qd4 Qf8 68. Kg2 Ba8 69. Qe5 Bc6 70. Rc7 Ba4 71. Qe6 Bd1 72. Rf7 Qa8 73. Qxf5+
Kg8 74. Rxg7+ Kxg7 75. Qd7+ Kf6 76. Qxd1 Qa2+ 77. Kg1 Ke7 78. Qe1+ Kf7 79. f5
Qc2 80. Qe6+ Kf8 81. Qh6+ Kg8 82. Qxh5 Qd1+ 83. Kg2 Qe2+ 84. Kh3 Qf1+ 85. Kg4
Qc4+ 86. Kg5 Qc1+ 87. f4 Qa3 88. Qe8+ Kh7 89. Qf7+ Kh8 90. Qe8+ Kh7 91. Qd7+ Kg8
92. Kh6 1-0

[Event "39th Olympiad Women"]
[Site "Khanty-Mansiysk RUS"]
[Date "2010.09.27"]
[Round "6"]
[White "Dworakowska, Joanna"]
[Black "Gara, Ticia"]
[Result "0-1"]
[WhiteTitle "IM"]
[BlackTitle "WGM"]
[WhiteElo "2315"]
[BlackElo "2348"]
[Board "3.4"]
[WhiteTeam "POL"]
[BlackTeam "HUN"]
[WhiteFideId "1107445"]
[BlackFideId "717444"]
[EventDate "2010.09.21"]
[EventType "team"]

1. e4 c5 2. Nf3 d6 3. d4 cxd4 4. Nxd4 Nf6 5. Nc3 e6 6. Be2 Be7 7. O-O Nc6 8. Be3
O-O 9. f4 e5 10. Nb3 exf4 11. Bxf4 Be6 12. Qe1 d5 13. Rd1 Qb6+ 14. Kh1 Bb4 15.
exd5 Bxc3 16. bxc3 Nxd5 17. Bd6 Rfe8 18. Qg3 Nce7 19. Bd3 Ng6 20. Rf3 Rad8 21.
Ba3 Nxc3 22. Rdf1 Nd5 23. Nc5 Nf6 24. Rxf6 gxf6 25. Ne4 f5 26. Nf6+ Kg7 27.
Nxe8+ Rxe8 28. h4 h5 29. c3 Qd8 30. Bxf5 Bxf5 31. Rxf5 Re4 32. Bc5 Qd1+ 33. Kh2
Rxh4+ 34. Qxh4 Nxh4 35. Rf4 Ng6 36. Bd4+ Kg8 37. Re4 f5 38. Re6 Nf4 39. Re8+ Kf7
40. Rb8 Qb1 41. Rc8 Qxa2 42. Rc7+ Ke8 43. Rg7 Ne6 44. Rxb7 Nxd4 45. cxd4 a5 0-1

[Event "39th Olympiad Women"]
[Site "Khanty-Mansiysk RUS"]
[Date "2010.09.27"]
[Round "6"]
[White "Ju, Wenjun"]
[Black "Bezgodova, Maria"]
[Result "1-0"]
[WhiteTitle "WGM"]
[BlackTitle "WFM"]
[WhiteElo "2516"]
[BlackElo "2170"]
[Board "4.2"]
[WhiteTeam "CHN"]
[BlackTeam "RUS3"]
[WhiteFideId "8603006"]
[BlackFideId "24111260"]
[EventDate "2010.09.21"]
[EventType "team"]

1. d4 d5 2. c4 e6 3. Nf3 c5 4. cxd5 exd5 5. g3 Nc6 6. Bg2 Nf6 7. O-O Be7 8. Nc3
O-O 9. Bg5 c4 10. Ne5 Be6 11. e3 h6 12. Bxf6 Bxf6 13. f4 Bxe5 14. fxe5 Qg5 15.
Qe2 Rad8 16. Rf4 a6 17. Rd1 f6 18. exf6 Rxf6 19. Rxf6 Qxf6 20. Na4 Qg5 21. Rf1
Ne7 22. Qf2 Nf5 23. Nc5 Bc8 24. e4 dxe4 25. Bxe4 Nd6 26. Bg2 b6 27. Na4 b5 28.
Nc5 Nf5 29. Be4 Nd6 30. Bg2 Nf5 31. d5 Ne3 32. h4 Qe7 33. d6 Qe5 34. Qf7+ Kh8
35. Qe7 Qxc5 36. Qxd8+ Kh7 37. Rf2 Ng4 38. Be4+ g6 39. Qe7+ Kh8 40. Qe6 1-0

[Event "39th Olympiad Women"]
[Site "Khanty-Mansiysk RUS"]
[Date "2010.09.27"]
[Round "6"]
[White "Bezgodova, Svetlana"]
[Black "Zhao, Xue"]
[Result "1-0"]
[BlackTitle "GM"]
[WhiteElo "2120"]
[BlackElo "2469"]
[Board "4.3"]
[WhiteTeam "RUS3"]
[BlackTeam "CHN"]
[WhiteFideId "4110650"]
[BlackFideId "8601283"]
[EventDate "2010.09.21"]
[EventType "team"]

1. Nf3 Nf6 2. g3 d5 3. Bg2 c6 4. O-O Bg4 5. d3 Nbd7 6. c4 dxc4 7. dxc4 e5 8. Be3
Qc7 9. Nc3 h6 10. Rc1 Be7 11. h3 Bf5 12. Qd2 Bh7 13. Rfd1 a5 14. Qe1 Nc5 15. Nd2
O-O 16. f3 Nfd7 17. Qf2 Ne6 18. f4 f5 19. Nd5 cxd5 20. cxd5 Nec5 21. fxe5 Qxe5
22. Nc4 Qb8 23. d6 Bg5 24. Bxc5 Bxc1 25. Rxc1 Rc8 26. Be3 Kh8 27. Qf3 Ra7 28. a4
b6 29. Qf4 Nc5 30. Ne5 Ne6 31. Rxc8+ Qxc8 32. Qc4 Qxc4 33. Nxc4 Bg8 34. Bxb6 Rf7
35. Ne5 Rf6 36. d7 Kh7 37. Bd5 1-0

[Event "39th Olympiad Women"]
[Site "Khanty-Mansiysk RUS"]
[Date "2010.09.27"]
[Round "6"]
[White "Harika, Dronavalli"]
[Black "Sedina, Elena"]
[Result "1-0"]
[WhiteTitle "IM"]
[BlackTitle "IM"]
[WhiteElo "2515"]
[BlackElo "2342"]
[Board "5.1"]
[WhiteTeam "IND"]
[BlackTeam "ITA"]
[WhiteFideId "5015197"]
[BlackFideId "812153"]
[EventDate "2010.09.21"]
[EventType "team"]

1. Nf3 d5 2. d4 Nf6 3. c4 c6 4. Nc3 dxc4 5. a4 a5 6. Ne5 Be6 7. e4 Nbd7 8. Nxc4
Bxc4 9. Bxc4 e5 10. Qb3 Bb4 11. Be3 O-O 12. O-O Qe7 13. Rad1 Rad8 14. d5 Nc5 15.
Qc2 Bxc3 16. Qxc3 Nfxe4 17. Qxa5 cxd5 18. Bxd5 Ra8 19. Qb5 Rfc8 20. Rc1 Qd8 21.
Bxe4 Nxe4 22. Qxb7 Nd6 23. Qd5 Nf5 24. Rxc8 Qxc8 25. b3 Nxe3 26. fxe3 Qe8 27.
Rxf7 Kh8 28. Re7 Qc8 29. Rc7 Qe8 30. Qf7 Qxf7 31. Rxf7 Rb8 32. Rf1 Kg8 33. Rb1
Ra8 34. Ra1 Rb8 35. Ra3 Kf7 36. a5 Rb7 37. a6 Ra7 38. b4 1-0

[Event "39th Olympiad Women"]
[Site "Khanty-Mansiysk RUS"]
[Date "2010.09.27"]
[Round "6"]
[White "Zimina, Olga"]
[Black "Tania, Sachdev"]
[Result "0-1"]
[WhiteTitle "IM"]
[BlackTitle "IM"]
[WhiteElo "2334"]
[BlackElo "2382"]
[Board "5.2"]
[WhiteTeam "ITA"]
[BlackTeam "IND"]
[WhiteFideId "4132190"]
[BlackFideId "5007844"]
[EventDate "2010.09.21"]
[EventType "team"]

1. e4 c5 2. Nf3 e6 3. g3 Nc6 4. Bg2 d5 5. exd5 exd5 6. d4 Nf6 7. O-O cxd4 8.
Nxd4 Be7 9. h3 O-O 10. Be3 Ne5 11. Nf3 Nxf3+ 12. Qxf3 Be6 13. c3 Qd7 14. Kh2 Qb5
15. Bc1 Ne4 16. a4 Qb3 17. Qe2 Rfe8 18. Nd2 Nxd2 19. Qxd2 Rad8 20. Qd1 Qxd1 21.
Rxd1 Bc5 22. Be3 Bxe3 23. fxe3 Kf8 24. Rf1 Bc8 25. Rae1 Re5 26. Rf4 Rde8 27. Rd4
Rxe3 28. Rxe3 Rxe3 29. Rxd5 Ke7 30. a5 Re2 31. Rb5 Kd6 32. Kg1 Bd7 33. Rb4 Bc6
34. Rd4+ Kc7 35. Bxc6 bxc6 36. Rb4 Re5 37. a6 Rb5 38. Rf4 f6 39. b4 Kb6 40. Re4
Kxa6 41. Re6 Rb6 42. Re1 Rb7 43. Kf2 Kb5 44. Re4 c5 45. h4 Rd7 46. Ke2 a6 47.
Rg4 Re7+ 48. Kd3 f5 49. Rf4 g6 50. h5 Re4 51. Rf1 cxb4 52. cxb4 Rxb4 53. Ke3 a5
54. Rd1 a4 55. Rd5+ Kc4 56. Ra5 Kb3 57. h6 a3 58. Ra7 a2 59. Kd2 Kb2 0-1

[Event "39th Olympiad Women"]
[Site "Khanty-Mansiysk RUS"]
[Date "2010.09.27"]
[Round "6"]
[White "Karavade, Eesha"]
[Black "Brunello, Marina"]
[Result "1/2-1/2"]
[WhiteTitle "IM"]
[BlackTitle "WIM"]
[WhiteElo "2365"]
[BlackElo "2212"]
[Board "5.3"]
[WhiteTeam "IND"]
[BlackTeam "ITA"]
[WhiteFideId "5012600"]
[BlackFideId "822590"]
[EventDate "2010.09.21"]
[EventType "team"]

1. d4 Nf6 2. c4 e6 3. Nc3 c5 4. d5 exd5 5. cxd5 d6 6. e4 g6 7. h3 Bg7 8. Nf3 a6
9. a4 Nbd7 10. Bd3 Nh5 11. Bg5 Bf6 12. Bh6 Ne5 13. Be2 Qe7 14. Qd2 Bd7 15. Nh2
Bh4 16. g4 g5 17. gxh5 Qf6 18. O-O-O Qxh6 19. Bg4 Qf6 20. Bxd7+ Kxd7 21. Ng4 1/2-1/2

[Event "39th Olympiad Women"]
[Site "Khanty-Mansiysk RUS"]
[Date "2010.09.27"]
[Round "6"]
[White "De Rosa, Mariagrazia"]
[Black "Meenakshi, Subbaraman"]
[Result "1/2-1/2"]
[WhiteTitle "WFM"]
[BlackTitle "WGM"]
[WhiteElo "2073"]
[BlackElo "2336"]
[Board "5.4"]
[WhiteTeam "ITA"]
[BlackTeam "IND"]
[WhiteFideId "815136"]
[BlackFideId "5004381"]
[EventDate "2010.09.21"]
[EventType "team"]

1. e4 e5 2. Nf3 Nc6 3. Bb5 a6 4. Ba4 Nf6 5. O-O b5 6. Bb3 Bc5 7. a4 Rb8 8. axb5
axb5 9. Nxe5 Nxe5 10. d4 Bxd4 11. Qxd4 d6 12. f4 Nc6 13. Qc3 Ne7 14. Ra7 Bb7 15.
e5 Ne4 16. Qb4 Bc6 17. Nc3 Nxc3 18. Qxc3 b4 19. Qc4 O-O 20. Rd1 Nc8 21. Ra5 Qd7
22. f5 d5 23. Qg4 Ne7 24. Rf1 Kh8 25. Bg5 Ng8 26. Rf3 Rfe8 27. Rg3 f6 28. e6 Qe7
29. Be3 Nh6 30. Qh5 Ra8 31. Bc5 Qd8 32. Rxa8 Qxa8 33. Bd4 Qa1+ 34. Kf2 Bb5 35.
Bc4 Bxc4 36. Qxe8+ Ng8 37. Rf3 Qd1 38. c3 Qd2+ 39. Kg3 Qg5+ 40. Kf2 Qd2+ 41. Kg3 1/2-1/2

[Event "39th Olympiad Women"]
[Site "Khanty-Mansiysk RUS"]
[Date "2010.09.27"]
[Round "6"]
[White "Rakic, Marija"]
[Black "Velcheva, Maria"]
[Result "0-1"]
[WhiteTitle "WIM"]
[BlackTitle "WGM"]
[WhiteElo "2317"]
[BlackElo "2272"]
[Board "6.4"]
[WhiteTeam "SRB"]
[BlackTeam "BUL"]
[WhiteFideId "936286"]
[BlackFideId "2903210"]
[EventDate "2010.09.21"]
[EventType "team"]

1. d4 d5 2. c4 e5 3. dxe5 d4 4. Nf3 Nc6 5. g3 Nge7 6. Bg2 Ng6 7. O-O Ngxe5 8.
Nbd2 Nxf3+ 9. Nxf3 Be7 10. b3 O-O 11. Bb2 Bf6 12. Qd2 Bg4 13. Qf4 Bxf3 14. Bxf3
Be5 15. Qf5 g6 16. Qd3 Qe7 17. a3 Rad8 18. b4 Bg7 19. Bxc6 bxc6 20. c5 Rfe8 21.
Rfe1 h5 22. h4 Qe6 23. Bc1 Rd7 24. Bf4 Qd5 25. Rad1 Red8 26. Qc2 Qe6 27. Rd3 Bf6
28. e4 Re8 29. Qd1 Bg7 30. Bd2 Qc4 31. Bf4 a5 32. Qd2 axb4 33. axb4 Rb8 34. Rb1
Re7 35. Rbb3 Rxe4 36. Bxc7 Rbe8 37. Rb1 Re2 0-1

[Event "39th Olympiad Women"]
[Site "Khanty-Mansiysk RUS"]
[Date "2010.09.27"]
[Round "6"]
[White "Danielian, Elina"]
[Black "Pogonina, Natalija"]
[Result "1-0"]
[WhiteTitle "IM"]
[BlackTitle "WGM"]
[WhiteElo "2466"]
[BlackElo "2491"]
[Board "7.1"]
[WhiteTeam "ARM"]
[BlackTeam "RUS2"]
[WhiteFideId "13300210"]
[BlackFideId "4147855"]
[EventDate "2010.09.21"]
[EventType "team"]

1. d4 Nf6 2. Nf3 d5 3. c4 e6 4. Nc3 c5 5. cxd5 Nxd5 6. e4 Nxc3 7. bxc3 cxd4 8.
cxd4 Bb4+ 9. Bd2 Bxd2+ 10. Qxd2 O-O 11. Bc4 Nd7 12. O-O b6 13. Rad1 Bb7 14. Rfe1
Rc8 15. Bb3 h6 16. Qf4 Qf6 17. Qg4 Rfd8 18. h4 Qe7 19. Qf4 Qf6 20. Qg3 Qe7 21.
d5 e5 22. d6 Qf6 23. Nh2 Rf8 24. Re3 h5 25. Nf3 Ba6 26. Ng5 Bc4 27. Bxc4 Rxc4
28. Ra3 a5 29. Rc3 Rxc3 30. Qxc3 Qf4 31. g3 Qf6 32. Qc7 Qd8 33. Rd3 Nc5 34. Rd5
Nd7 35. Rd2 g6 36. Kg2 a4 37. a3 Qc8 38. Rd5 Qd8 39. Qc6 Qe8 40. Qxa4 Nc5 41.
Qc4 Kh8 42. d7 Nxd7 43. Qc7 Nf6 44. Rd8 1-0

[Event "39th Olympiad Women"]
[Site "Khanty-Mansiysk RUS"]
[Date "2010.09.27"]
[Round "6"]
[White "Girya, Olga"]
[Black "Mkrtchian, Lilit"]
[Result "1-0"]
[WhiteTitle "WGM"]
[BlackTitle "IM"]
[WhiteElo "2414"]
[BlackElo "2484"]
[Board "7.2"]
[WhiteTeam "RUS2"]
[BlackTeam "ARM"]
[WhiteFideId "4195752"]
[BlackFideId "13300601"]
[EventDate "2010.09.21"]
[EventType "team"]

1. d4 Nf6 2. c4 e6 3. Nf3 b6 4. g3 Ba6 5. Qb3 Nc6 6. Nbd2 Na5 7. Qc3 c5 8. dxc5
bxc5 9. e4 Bb7 10. e5 Ng4 11. h3 Nh6 12. Bg2 f5 13. exf6 gxf6 14. O-O Nf7 15.
Re1 Be7 16. b3 Nc6 17. Bb2 Qc7 18. Ne4 e5 19. Qe3 d6 20. Nh4 Ng5 21. Nf5 O-O-O
22. h4 Ne6 23. Nc3 Ncd4 24. Be4 Kb8 25. Nd5 Bxd5 26. cxd5 Nxf5 27. Bxf5 Ng7 28.
Bd3 Qb6 29. Bc3 Rc8 30. Rab1 Bd8 31. Qe2 Ka8 32. Ba6 Rb8 33. b4 Bc7 34. a4 cxb4
35. Rxb4 Qxb4 36. Bxb4 Rxb4 37. Qc2 Kb8 38. Rb1 1-0

[Event "39th Olympiad Women"]
[Site "Khanty-Mansiysk RUS"]
[Date "2010.09.27"]
[Round "6"]
[White "Galojan, Lilit"]
[Black "Savina, Anastasia"]
[Result "1-0"]
[WhiteTitle "IM"]
[BlackTitle "WGM"]
[WhiteElo "2373"]
[BlackElo "2404"]
[Board "7.3"]
[WhiteTeam "ARM"]
[BlackTeam "RUS2"]
[WhiteFideId "13301314"]
[BlackFideId "4196872"]
[EventDate "2010.09.21"]
[EventType "team"]

1. d4 d5 2. c4 e6 3. Nc3 c6 4. Nf3 dxc4 5. a4 Bb4 6. e4 b5 7. Bd2 a5 8. Be2 Nf6
9. e5 Bxc3 10. bxc3 Ne4 11. Qb1 Nxd2 12. Nxd2 Bd7 13. Ne4 O-O 14. h4 f5 15. exf6
gxf6 16. Bf3 Na6 17. O-O Nc7 18. Nc5 Nd5 19. Qc1 Bc8 20. Re1 Qd6 21. Ra2 Ra7 22.
Rae2 Re7 23. Rb2 b4 24. Ne4 Qf4 25. cxb4 axb4 26. Qxc4 Rg7 27. Ng3 Qxh4 28. Re4
Qg5 29. Rg4 Qh6 30. Rxg7+ Qxg7 31. Qxc6 Bd7 32. Qd6 Qe7 33. Qxe7 Nxe7 34. Rxb4
Bc6 35. Bxc6 Nxc6 36. Rc4 Ne7 37. Ne4 Nd5 38. a5 Ra8 39. Ra4 Kf7 40. Nc5 Ke7 41.
a6 Nc7 42. Rb4 Kd6 43. Ne4+ Kc6 44. Rc4+ Kd5 45. Rxc7 Kxe4 46. a7 h5 47. Rd7 Rc8
48. Kh2 Rg8 49. Kh3 Ra8 50. Kh4 Kf5 51. d5 e5 52. Re7 e4 53. d6 Rc8 54. d7 Rc1
55. Kg3 h4+ 56. Kh2 1-0

[Event "39th Olympiad Women"]
[Site "Khanty-Mansiysk RUS"]
[Date "2010.09.27"]
[Round "6"]
[White "Bodnaruk, Anastasia"]
[Black "Aginian, Nelly"]
[Result "1-0"]
[WhiteTitle "IM"]
[BlackTitle "WGM"]
[WhiteElo "2399"]
[BlackElo "2282"]
[Board "7.4"]
[WhiteTeam "RUS2"]
[BlackTeam "ARM"]
[WhiteFideId "4181751"]
[BlackFideId "13300628"]
[EventDate "2010.09.21"]
[EventType "team"]

1. e4 e6 2. d4 d5 3. Nc3 dxe4 4. Nxe4 Nd7 5. Nf3 Ngf6 6. Bg5 Be7 7. Nxf6+ Bxf6
8. Be3 c5 9. c3 cxd4 10. Nxd4 O-O 11. Be2 Nb6 12. c4 Bd7 13. O-O Qe7 14. b3 Rfd8
15. Qc2 Rac8 16. Qe4 Be8 17. Rad1 g6 18. a4 Rc7 19. Nb5 Bc6 20. Qb1 Bxb5 21.
Rxd8+ Qxd8 22. axb5 Rd7 23. Qa2 Nc8 24. c5 Bd4 25. c6 bxc6 26. bxc6 Rd6 27. Bxd4
Rxd4 28. Qa6 Ne7 29. Bf3 e5 30. Qb7 Nc8 31. c7 Qf8 32. Qb8 e4 33. Bg4 f5 34. Be2
Rd6 35. Ra1 Kg7 36. Ba6 Qf6 37. Rf1 Ne7 38. c8=Q Nxc8 39. Bxc8 Qd4 40. Qc7+ Kh6
41. Qc1+ Kg7 42. Qa1 Kf6 43. Qxd4+ Rxd4 44. Ba6 f4 45. Ra1 Rd2 46. Kf1 Ke5 47.
Be2 Rb2 48. Bd1 e3 49. fxe3 fxe3 50. Rxa7 Rf2+ 51. Ke1 Rxg2 52. Rxh7 Kd4 53.
Rd7+ Ke4 54. Re7+ Kd3 55. Rd7+ Ke4 56. h3 Rg1+ 57. Ke2 Rg2+ 58. Kf1 Rb2 59. h4
Rh2 60. Be2 Rxh4 61. Kg2 Rf4 62. Bd3+ Ke5 63. Kg3 g5 64. Rd8 Rf2 65. b4 g4 66.
b5 Rd2 67. Kxg4 e2 68. Re8+ Kd4 69. Bxe2 Kc5 70. Kf3 1-0

[Event "39th Olympiad Women"]
[Site "Khanty-Mansiysk RUS"]
[Date "2010.09.27"]
[Round "6"]
[White "Heinatz, Gundula"]
[Black "Paehtz, Elisabeth"]
[Result "0-1"]
[WhiteTitle "WIM"]
[BlackTitle "IM"]
[WhiteElo "2228"]
[BlackElo "2467"]
[Board "8.1"]
[WhiteTeam "SUI"]
[BlackTeam "GER"]
[WhiteFideId "4612434"]
[BlackFideId "4641833"]
[EventDate "2010.09.21"]
[EventType "team"]

1. Nf3 Nf6 2. d4 d5 3. c4 e6 4. g3 Bb4+ 5. Bd2 Be7 6. Nc3 O-O 7. Bg2 dxc4 8. O-O
a6 9. a4 Nc6 10. Bf4 Nd5 11. Ne5 Na5 12. Bc1 c5 13. e3 Rb8 14. Ne4 cxd4 15. exd4
f6 16. Nf3 Nb3 17. Rb1 b5 18. axb5 axb5 19. Qe2 Re8 20. Rd1 Qb6 21. h4 Ba6 22.
Ned2 Nxd2 23. Bxd2 b4 24. Bh3 Bf8 25. Qe1 Kh8 26. h5 Qc6 27. Rbc1 Rbc8 28. Nh4
c3 29. Be3 c2 30. Rd2 b3 31. f4 Bb4 32. h6 gxh6 33. Bf2 Bb7 34. Bg2 Ra8 35. Qe2
Bxd2 36. Qxd2 f5 37. Nf3 Ra2 38. Ne5 Qc7 39. Qe2 Rxb2 40. Qh5 Rf8 41. Qxh6 Qg7
42. Qxe6 Rb1 0-1